Normal view
MARC view
- Hunger, J. David,
Entry Personal Name
001 - CONTROL NUMBER
- control field: 12268
003 - CONTROL NUMBER IDENTIFIER
- control field: NUST
005 - DATE AND TIME OF LATEST TRANSACTION
- control field: 20180808094715.0
008 - FIXED-LENGTH DATA ELEMENTS
- fixed length control field: 180808|| aca||aabn | a|a d
040 ## - CATALOGING SOURCE
- Original cataloging agency: NUST
- Transcribing agency: NUST
100 ## - HEADING--PERSONAL NAME
- Personal name: Hunger, J. David,
- Dates associated with a name: 1941-
670 ## - SOURCE DATA FOUND
- Source citation: Work cat.: (NUST)0: Kazmi,Azhar. 12266, Strategic management and business policy ., 2010..
